|
|
|
|
| LEADER |
00000nam0a2200000 4500 |
| 001 |
92432 |
| 005 |
20231031104648.0 |
| 035 |
|
|
|a (RuTPU)RU\TPU\book\99035
|
| 090 |
|
|
|a 92432
|
| 100 |
|
|
|a 20060314d1972 k y0rusy50 ca
|
| 101 |
0 |
|
|a rus
|
| 102 |
|
|
|a RU
|
| 105 |
|
|
|a a z 001zy
|
| 200 |
1 |
|
|a Уран. Радиационно-гигиеническая характеристика
|f В. Н. Гуськова
|
| 210 |
|
|
|a Москва
|c Атомиздат
|d 1972
|
| 215 |
|
|
|a 216 с.
|c ил.
|
| 320 |
|
|
|a Библиогр.: с. 205-215.
|
| 610 |
1 |
|
|a уран
|
| 610 |
1 |
|
|a радиационная гигиена
|
| 610 |
1 |
|
|a питьевая вода
|
| 610 |
1 |
|
|a влияющие факторы
|
| 610 |
1 |
|
|a организм человека
|
| 610 |
1 |
|
|a физиологические процессы
|
| 675 |
|
|
|a 546.79
|v 3
|
| 675 |
|
|
|a 613.648
|v 3
|
| 700 |
|
1 |
|a Гуськова
|b В. Н.
|g Вера Николаевна
|
| 801 |
|
1 |
|a RU
|b 63413507
|c 20060314
|g PSBO
|
| 801 |
|
2 |
|a RU
|b 63413507
|c 20140606
|g PSBO
|
| 942 |
|
|
|c BK
|